000 01184nam a2200253Ia 4500
999 _c34568
_d34568
001 329
003 GE_BSU
005 20200203120514.0
008 200203s2009 ge ||||| |||| 00| 0 geo d
020 _a9789941904097
040 _cGE_BSU
041 _ageo
080 _a631.8(075.8) თ-95
100 _aთხელიძე, ამირან
_96685
245 _aსასუქების გამოყენების სისტემა :
_b[სახელმძღვ. აგრ. უნ-ტის სტუდ.] /
_cამირან თხელიძე ; [რედ. ოთარ ზარდალიშვილი].
264 _aთბილისი :
_bმწიგნობარი,
_c2009.
300 _a378 გვ.;
_b19 სმ.
504 _aბიბლიოგრ.: გვ. 371-372.
541 _h20 ლ.
653 _aსასუქების გამოყენება სოფლის მეურნეობაში
653 _a სასოფლო-სამეურნეო სასუქები
700 _aზარდალიშვილი, ოთარ
_eრედაქტორი
_96686
942 _cBK
_2udc